000 00805nam a2200241 a 4500
001 57339
003 BD-RjUL
005 20211209080509.0
008 081216r19791978bg 000 0 eng
035 _a(BD-RjUL) 57463
040 _aDLC
_cDLC
_dDLC
_dBD-RjUL
_beng
041 _aeng
082 _223
_a303.40954
_bCHS 1979
100 1 _aChoudhury, Lutful Hoq.
_9170305
245 1 0 _aSocial change and development administration in South Asia /
_cLutful Hoq Choudhury.
260 _aDacca :
_bNational Institute of Public Administration,
_c1978 [Printing 1979]
300 _a152 p. ;
_c22 cm.
504 _aIncludes bibliography
650 _aSocial change
_zSouth Asia
_9170306
650 _aPublic administration
_z South Asia
_9170307
650 _a Economic policy
_9170308
942 _2ddc
_cBK
999 _c57339
_d57339